000
00281nam a2200121 a 4500
001
4144
005
20140414132034.0
008
090317s19uu xx 00 eng d
050
_a
TR
_b
St7 2007
100
_a
Berkner, Laurie
245
_a
The Story of my feelings.
999
_c
113688
_d
113688